Prisoners of war /

Bibliographic Details
Main Author: Barker, A. J.
Format: Book
Language:English
Published: New York : Universe Books, 1975.
Subjects:

MARC

Tag First Indicator Second Indicator Subfields
LEADER 00000cam a2200000 i 4500
001 in00000090792
005 20150923131144.0
008 750319r19751974nyuaf b 00110 eng d
010 |a  74027244  
020 |a 0876632142 :  |c $8.95 
035 |a (OCoLC)01272567 
035 |9 AAK6635AM 
040 |a DLC  |c DLC  |d TXA  |d UtOrBLW 
049 |a TXAM  |c [1340264] 
050 0 0 |a JX5141  |b .B35 1975 
082 0 |a 365/.6 
100 1 |a Barker, A. J. 
245 1 0 |a Prisoners of war /  |c A. J. Barker. 
264 1 |a New York :  |b Universe Books,  |c 1975. 
300 |a 249 pages, 8 unnumbered leaves of plates :  |b illustrations ;  |c 22 cm. 
336 |a text  |b txt  |2 rdacontent 
337 |a unmediated  |b n  |2 rdamedia 
338 |a volume  |b nc  |2 rdacarrier 
500 |a Published in 1974 under title: Behind barbed wire. 
500 |a Includes index. 
504 |a Bibliography: pages [236]-242. 
650 0 |a Prisoners of war. 
999 |a MARS 
999 f f |s bd4253c6-c533-3d0f-8ad4-2a08990b23c6  |i 32d79fee-6c4c-3b60-ac48-196bdbd1fea0  |t 0 
952 f f |p ric  |a Texas A&M University  |b Rellis Campus  |c Joint Library Facility  |d Remote Storage  |t 0  |e JX5141 .B35 1975  |h Library of Congress classification  |i unmediated -- volume  |m A14803146894 
998 f f |a JX5141 .B35 1975  |t 0  |l Remote Storage